Giáo trình kỹ thuật số: Dùng trong các trường Trung học chuyên nghiệp /

Lịch sử phát triển của các hệ xử lý tin, có thể nói vấn đề xử lý tín hiệu số là một vấn đề cơ bản, là bước chuyển tiếp không thể thiếu trong các hệ xử lý số tín hiệu hiện nay. Cùng với sự tiến bộ của kỹ thuật điện tử, k...

Descrizione completa

Salvato in:
Dettagli Bibliografici
Autore principale: Phạm Đăng Đàn
Natura: Libro
Lingua:Vietnamese
Pubblicazione: H. : Hà Nội , 2005
Edizione:In lần thứ 1
Soggetti:
Tags: Aggiungi Tag
Nessun Tag, puoi essere il primo ad aggiungerne! !
Thư viện lưu trữ: Thư viện Trường CĐ Kỹ Thuật Cao Thắng
LEADER 01810nam a2200337 a 4500
001 TVCDKTCT5202
003 Thư viện trường Cao đẳng Kỹ thuật Cao Thắng
005 20060504000000
008 060504
980 \ \ |a Thư viện Trường CĐ Kỹ Thuật Cao Thắng 
024 |a RG_1 #1 eb0 i1 i5 
041 0 # |a vie 
082 # # |a 621.3 /   |b PH104Đ-gi 
100 1 # |a Phạm Đăng Đàn 
245 0 0 |a Giáo trình kỹ thuật số: Dùng trong các trường Trung học chuyên nghiệp /  |c Phạm Đăng Đàn 
250 # # |a In lần thứ 1 
260 # # |a H. :  |b Hà Nội ,  |c 2005 
300 # # |a 130tr. ;  |c 24cm 
520 # # |a Lịch sử phát triển của các hệ xử lý tin, có thể nói vấn đề xử lý tín hiệu số là một vấn đề cơ bản, là bước chuyển tiếp không thể thiếu trong các hệ xử lý số tín hiệu hiện nay. Cùng với sự tiến bộ của kỹ thuật điện tử, kỹ thuật xử lý thông tin đã mang lại hiệu quả vô cùng to lớn. 
520 # # |a  Giáo trình gồm 7 chương : 
520 # # |a Chương 1 : Hệ thống đếm và mã 
520 # # |a Chương 2 : Đại số logic 
520 # # |a Chương 3 : Mạch logic tổ hợp 
520 # # |a Chương 4 : Các phần tử nhớ cơ bản 
520 # # |a Chương 5 : Bộ đếm 
520 # # |a Chương 6 : Thanh ghi dịch  
520 # # |a Chương 7 : Một số vấn đề phát triển và nâng cao. 
650 # 4 |a Điện tử 
650 # 4 |a Kỹ thuật số 
650 # 4 |a Bộ đếm-Mạch logic tổ hợp-Thanh ghi dịch 
650 # 4 |a Giáo trình